Woman Lyrics (Mumford and Sons) - Statistics

General Stats
  • This quiz has been taken 48 times
  • The average score is 153 of 197
Answer Stats
Answer % Correct
Do
100%
you
100%
You
100%
a
88%
by
88%
ever
88%
for
88%
I
88%
know
88%
really
88%
say
88%
shine
88%
sun
88%
that
88%
the
88%
Woman
88%
woman
88%
adore
75%
again
75%
all
75%
As
75%
as
75%
awe
75%
Burn
75%
burning
75%
call
75%
Can
75%
can
75%
can't
75%
doesn't
75%
don't
75%
eyes
75%
frosty
75%
gone
75%
had
75%
hear
75%
her
75%
hope
75%
I'm
75%
in
75%
into
75%
it
75%
it's
75%
itself
75%
Just
75%
learning
75%
left
75%
loneliness
75%
long
75%
me
75%
mind
75%
mine
75%
morning
75%
my
75%
never
75%
night
75%
not
75%
oh
75%
read
75%
see
75%
she
75%
slow
75%
something
75%
such
75%
surprise
75%
take
75%
Tangled
75%
that's
75%
There's
75%
though
75%
time
75%
true
75%
trying
75%
up
75%
Watch
75%
When
75%
words
75%
your
75%
am
63%
And
63%
behind
63%
Caught
63%
descends
63%
inside
63%
lets
63%
of
63%
white
63%
you're
63%
But
50%
those
50%
sign
38%
always
13%
longs
13%
No matching quizzes found
Score Distribution
Percent of People with Each Score
Percentile by Number Answered
Your Score History
You have not taken this quiz